Statistics for Super Mario Odyssey Kingdoms

Click here to take the quiz!

General Stats

  • This quiz has been taken 1,143 times
    (1,103 since last reset)
  • The average score is 15 of 17

Answer Stats

Kingdom% Correct
Moon Kingdom
94%
Cap Kingdom
92%
Bowser’s Kingdom
91%
Mushroom Kingdoom
91%
Sand Kingdom
89%
Dark Side
88%
Metro Kingdom
88%
Lake Kingdom
87%
Cloud Kingdom
86%
Cascade Kingdom
85%
Lost Kingdom
85%
Darker Side
84%
Snow Kingdom
82%
Wooded Kingdom
82%
Seaside Kingdom
81%
Luncheon Kingdom
75%
Ruined Kingdom
73%

Score Distribution

Percentile by Number Answered

Percent of People with Each Score

Your Score History

You have not taken this quiz since the last reset